00431nam a22001337a 4500003000500000005001700005008004100022020001800063050002400081100002400105245010500129260003800234300002500272SISC20160819101636.0160309b xxu||||| |||| 00| 0 eng d a9781466493759 aG 155.5 .C172 2012  aCamerana, Lance D.  aCoaching for the world's best tour guides :bobservation from the back of the bus /cLance Camarena. aUSA :bTour Guide Central,c2012. a111 pages :c21 cm.